000 00317nab a22001097u 4500
008 130520b1991 xxu||||| |||| 00| 0 spa d
041 _aspa
100 1 _aMcguire, M. B.
_967517
245 0 0 _aReligión, salud y enfermedad
_cM. B. Mcguire
773 0 _tConcilium
_gV.1,1991,págs.293-308
_x0210-1041
_wRev134
942 _cAR
999 _c355622
_d355622